China's energy geopolitics : the Shanghai Cooperation Organization and Central Asia (Record no. 18151)

MARC details
000 -LEADER
fixed length control field 00648nam a2200229 a 4500
001 - CONTROL NUMBER
control field 155711
003 - CONTROL NUMBER IDENTIFIER
control field OSt
005 - DATE AND TIME OF LATEST TRANSACTION
control field 20210927105823.0
008 - FIXED-LENGTH DATA ELEMENTS--GENERAL INFORMATION
fixed length control field 180328 ### HIN
020 ## - INTERNATIONAL STANDARD BOOK NUMBER
International Standard Book Number 9780415586177
082 ## - DEWEY DECIMAL CLASSIFICATION NUMBER
Classification number 333.790951
Item number M34C
100 ## - MAIN ENTRY--PERSONAL NAME
Personal name Marketos, Thrassy N.
245 ## - TITLE STATEMENT
Title China's energy geopolitics : the Shanghai Cooperation Organization and Central Asia
Statement of responsibility, etc by Thrassy N Marketos
260 ## - PUBLICATION, DISTRIBUTION, ETC. (IMPRINT)
Place of publication, distribution, etc London
Name of publisher, distributor, etc Routledge
Date of publication, distribution, etc 2010
300 ## - PHYSICAL DESCRIPTION
Extent 167p.
653 ## - INDEX TERM--UNCONTROLLED
Uncontrolled term China
653 ## - INDEX TERM--UNCONTROLLED
Uncontrolled term Diplomatic relations
653 ## - INDEX TERM--UNCONTROLLED
Uncontrolled term Shanghai Cooperation Organisation
653 ## - INDEX TERM--UNCONTROLLED
Uncontrolled term Energy policy
653 ## - INDEX TERM--UNCONTROLLED
Uncontrolled term Geopolitics
942 ## - ADDED ENTRY ELEMENTS (KOHA)
Source of classification or shelving scheme Dewey Decimal Classification
Koha item type Books
Holdings
Withdrawn status Lost status Source of classification or shelving scheme Damaged status Not for loan Collection code Home library Current library Date acquired Source of acquisition Full call number Barcode Checked out Date last seen Price effective from Koha item type
    Dewey Decimal Classification     General Text Book Central University Of Rajasthan Central University Of Rajasthan 28/03/2018 PPLG(P) 333.790951 M34C 30904 31/12/2018 02/09/2020 02/09/2020 Books